Kontinente nach Fläche - Sprint - Statistiken

Allgemein
  • Dieses Quiz wurde 80 mal gespielt
  • Das Durchschnittsergebnis liegt bei 3 aus 7
Antwortstatistiken
Kontinente % Korrekt
Asien
100%
Afrika
72%
Nordamerika
39%
Südamerika
35%
Europa
9%
Antarktis
7%
Ozeanien
4%
Keine übereinstimmenden Quizze gefunden
Verteilung der Resultate
Anzahl Personen mit jedem Resultat
Perzentil nach korrekt beantworteten Fragen
Ihre Resultats-Entwicklung
Sie haben dieses Quiz noch nicht gespielt